000 01037nac a22003011i 4500
003 EG-ScBUE
005 20241024091453.0
008 241024t2001 maua f 001 0 eng d
020 _a9780321085993
020 _a032108599X
040 _aEG-ScBUE
_beng
_erda
_cEG-ScBUE
_dEG-ScBUE
082 0 4 _a516.24
_bLIA
_222
100 1 _aLial, Margaret L.,
_eauthor.
245 1 0 _aTrigonometry /
_cMargaret L. Lial, American River College, John Hornsby, University of New Orleans, David Schneider, University of Maryland.
250 _aSeventh edition.
264 1 _aReading, Mass. :
_bAddison-Wesley,
_c[2001]
264 4 _cc2001
300 _a1 volume (various pagings) :
_billustrations (some color) ;
_c24 cm
336 _2rdacontent
_atext
_btxt
337 _aunmediated
_2rdamedia
_bn
338 _avolume
_bnc
_2rdacarrier
500 _aIncludes index.
650 7 _aTrigonometry.
_2BUEsh
655 _vReading book
700 1 _aHornsby, E. John,
_eauthor.
700 1 _aSchneider, David I.,
_eauthor.
942 _cBB
_2ddc
999 _c4233
_d4233